[Event "CZE-tht Extraliga 2018-19"]
[Site "Czech Republic"]
[Date "2018.11.03"]
[Round "1"]
[White "Heberla, Bartlomiej"]
[Black "Hracek, Zbynek"]
[Result "1/2-1/2"]
[WhiteElo "2542"]
[BlackElo "2556"]
[Annotator "TA"]
[PlyCount "52"]
[EventDate "2018.11.03"]
[EventType "team-tourn"]
[EventCountry "CZE"]
[SourceTitle "playchess.com"]
[Source "ChessBase"]
[SourceQuality "1"]
[WhiteTeam "Moravska Slavia Brno"]
[BlackTeam "GASCO Pardubice"]

{[%evp 25,52,-26,-34,-21,0,0,0,0,0,-21,-20,-22,-22,-18,-12,-22,-22,-22,-23,-22,-16,-29,-35,-24,-25,-54,0,0,0]} 1. d4 Nf6 2. c4 e6 3. Nc3 Bb4 4. e3 O-O 5. Nf3 c5 6. Be2 cxd4 7. exd4 d5 8. O-O dxc4 9. Bxc4 b6 10. Qb3 Bxc3 11. bxc3 Nc6 {E54: Nimzo-Indian: Rubinstein: Main Line: 7...dxc4 8 Bxc4} 12. Be2 (12. Qd1 Bb7 13. Ba3 Re8 14. Bb5 a6 15. Bd3 e5 16. dxe5 Nxe5 17. Nxe5 Rxe5 18. c4 Ne4 19. Bb2 {½-½ (51) Landa,K (2601)-Inarkiev,E (2732) Germany 2017}) 12... Bb7 13. Bg5 Rc8 {LiveBook: 4 Games. Black has an edge.} 14. Rac1 Qd6 15. Bxf6 gxf6 16. Rfd1 {[#]} Rfd8 $146 ({Predecessor:} 16... Na5 17. Qa4 Rfd8 18. d5 Bxd5 19. Qg4+ {1-0 (34) Grigoriants,S (2313)-Lastin,A (2558) Nizhnij Novgorod 1999}) 17. Qa4 Qf4 18. Ba6 Bxa6 19. Qxa6 Rc7 20. Qd3 {[#]} Ne5 $1 {[%mdl 512]} 21. Nxe5 (21. dxe5 Rxd3) 21... fxe5 22. g3 Qh6 23. Rb1 exd4 24. cxd4 Qf6 25. a4 Rcd7 (25... Rd5 $15) 26. Qa6 $11 Kg7 {Precision: White = 63%, Black = 67%.} 1/2-1/2

[Event "CZE-tht Extraliga 2018-19"]
[Site "Czech Republic"]
[Date "2018.11.03"]
[Round "1"]
[White "Plat, Vojtech"]
[Black "Fedorov, Alexei"]
[Result "*"]
[WhiteElo "2539"]
[BlackElo "2568"]
[Annotator "TA"]
[PlyCount "46"]
[EventDate "2018.11.03"]
[EventType "team-tourn"]
[EventCountry "CZE"]
[SourceTitle "playchess.com"]
[Source "ChessBase"]
[SourceQuality "1"]
[WhiteTeam "Vystaviste Lysa nad Labem"]
[BlackTeam "Beskydska sachova skola"]

{[%evp 19,46,19,47,10,20,-14,15,-7,-17,-16,-9,-22,-7,-16,0,-30,0,0,0,0,24,22,49,42,181,56,56,32,87]} 1. e4 c5 2. Nf3 e6 3. d4 cxd4 4. Nxd4 a6 5. c4 Nf6 6. Nc3 Bb4 7. Bd3 Bxc3+ 8. bxc3 d6 {B41: Sicilian: Kan Variation: 5 c4} 9. O-O e5 10. Nc2 Nbd7 {[%cal Bb8d7,Bd7e5,Be5g6][%mdl 32] LiveBook: 3 Games. The position is equal.} 11. Nb4 O-O $146 ({Predecessor:} 11... Nc5 12. Re1 Be6 13. a4 Rc8 14. Nd5 Bxd5 15. cxd5 Qa5 16. Re3 {½-½ (57) Velicka,P (2475)-Felgaer,R (2581) La Pobla de Lillet 2006}) 12. f4 h6 13. Be3 exf4 14. Rxf4 Ne5 15. Be2 Ng6 16. Rf1 Nxe4 17. Qd4 f5 18. Bd3 Nc5 19. Bc2 a5 20. Nd5 Ra6 21. Rae1 {[%mdl 1024] White has compensation.} Be6 (21... Ne5 $14) 22. Qd1 ({White must play} 22. g4 $1 $18 {[%cal Rg4f5]} Qd7 23. Kh1) 22... Rc6 $14 23. Bd4 (23. g4 $5 {[%cal Rg4f5]} Ne5 24. gxf5 Bxd5 25. Qxd5+ Kh8 26. Bd4 $11) 23... Qg5 {Precision: White = 39%, Black = 31%.} (23... Ne4 $14) *

[Event "CZE-tht Extraliga 2018-19"]
[Site "Czech Republic"]
[Date "2018.11.03"]
[Round "1"]
[White "Votava, Jan"]
[Black "Blatny, Pavel"]
[Result "1-0"]
[WhiteElo "2527"]
[BlackElo "2336"]
[Annotator "TA"]
[PlyCount "160"]
[EventDate "2018.11.03"]
[EventType "team-tourn"]
[EventCountry "CZE"]
[SourceTitle "playchess.com"]
[Source "ChessBase"]
[SourceQuality "1"]
[WhiteTeam "GASCO Pardubice"]
[BlackTeam "Moravska Slavia Brno"]

{[%evp 20,160,16,0,62,36,35,29,33,24,37,17,26,23,23,0,-6,0,12,0,11,0,0,0,0,0,0,-7,11,0,11,17,14,0,33,0,33,5,7,8,7,2,0,0,0,0,0,0,16,18,24,0,17,19,27,22,22,18,21,21,23,23,26,9,51,47,49,35,55,20,78,52,58,27,78,21,39,44,68,52,100,93,116,125,145,137,120,133,113,98,110,96,96,95,96,104,96,96,104,102,106,105,150,144,97,125,199,175,271,229,381,381,335,104,131,0,335,79,83,0,0,0,83,45,49,65,299,296,278,278,368,375,411,319,968,822,1092,768,1912,1849,1698,1667,12841]} 1. d4 d5 2. c4 e6 3. Nf3 Nf6 4. g3 Be7 5. Bg2 O-O 6. O-O dxc4 7. Qc2 a6 8. a4 Nc6 9. Qxc4 Qd5 10. Qd3 Nb4 {E05: Open Catalan: 5 Nf3 Be7} 11. Qd1 {LiveBook: 10 Games} Qf5 (11... c5 $11) 12. Nc3 $146 ({Predecessor:} 12. Na3 Rd8 13. Nh4 Qg4 14. Bf4 Nfd5 15. h3 Qh5 16. Bf3 Qxh4 17. gxh4 Nxf4 18. e3 {0-1 (50) Abdulaziz,M (2134)-Irwanto,S (2416) Bled 2002}) 12... Qc2 {White is slightly better.} 13. Rb1 Rd8 14. Bf4 Qxd1 15. Rfxd1 Nfd5 16. Nxd5 Nxd5 17. Rbc1 Nxf4 18. gxf4 Bd6 19. e3 Bd7 20. b3 (20. Nd2 {looks sharper.} Bxa4 21. b3 Bb5 22. Bxb7 Ra7 23. Bf3) 20... Bc6 21. Nd2 Bxg2 22. Kxg2 c6 23. Kf3 Rd7 24. Rg1 Kf8 25. Nc4 {And now Nb6 would win.} Rad8 26. h3 f6 27. Rc2 Kf7 28. Rb1 Bc7 29. b4 Rd5 30. b5 axb5 31. axb5 Rxb5 32. Rxb5 cxb5 $11 {[%mdl 4096] Endgame KRB-KRN} 33. Na3 Rd7 34. Nxb5 Bd8 35. e4 Be7 36. Ke3 Bd8 37. Rc4 Kg6 38. Rc5 Bb6 39. f5+ exf5 40. Rxf5 Kf7 41. Kd3 Ke7 42. Rh5 h6 43. Rf5 Rd8 44. Rf3 g6 (44... Ra8 $11 {remains equal.}) 45. Rg3 $16 g5 46. Rf3 (46. h4 $5) 46... h5 (46... Ra8 $11) 47. Rg3 (47. Rf5 $16) 47... Kf7 $11 48. Rg1 Rd7 49. f3 Bd8 50. Rc1 Kg6 51. Rc8 g4 52. fxg4 hxg4 53. hxg4 Kg5 54. Rc1 Kxg4 55. Ke3 Bb6 56. Rg1+ Kh5 57. Kd3 Kh6 58. Rg8 Kh7 59. Rg2 (59. Rg3 {keeps more tension.} Ba5 60. Kc4 Bd2 61. Kc5 Bg5 62. d5) 59... Kh6 60. Kc4 Rd8 61. d5 Rc8+ 62. Kd3 Rd8 (62... Ra8 $16 63. Nd6 Bc7) 63. Nd4 $18 Rd7 (63... Ba7 $142 64. Nf5+ Kh5 65. Ng7+ Kh6 66. Nf5+ Kh5 67. Ng7+ Kh6 68. Nf5+) 64. Ne6 {[#] Hoping for Rh2+.} Kh5 $2 (64... Re7 65. Nf8 Rf7) 65. Nf4+ Kh4 66. Ng6+ $2 (66. Rg6 $18) 66... Kh3 $16 67. Nf4+ $2 (67. Rc2 $16) 67... Kh4 $18 68. Ke2 $2 (68. Rg6 $18 {is more deadly.}) 68... Rc7 $16 69. Ng6+ Kh3 $1 {[%cal Rh3g2]} 70. Nf4+ Kh4 71. Rg8 {d6 is the strong threat.} Rc4 72. Ng6+ Kh5 $2 {[#]} (72... Kh3 $1 $14) 73. Kf3 $1 $18 Kh6 74. Nf4 Rc3+ 75. Kg4 Kh7 76. Rb8 Rc7 $2 (76... Bc7 77. Rxb7 Kh6) 77. Kf5 {White is clearly winning.} Ba7 78. Ra8 b5 79. d6 Rb7 80. Ne6 b4 {Precision: White = 44%, Black = 35%.} 1-0

[Event "CZE-tht Extraliga 2018-19"]
[Site "Czech Republic"]
[Date "2018.11.03"]
[Round "1"]
[White "Cvek, Robert"]
[Black "Cernousek, Lukas"]
[Result "1-0"]
[WhiteElo "2518"]
[BlackElo "2434"]
[Annotator "TA"]
[PlyCount "105"]
[EventDate "2018.11.03"]
[EventType "team-tourn"]
[EventCountry "CZE"]
[SourceTitle "playchess.com"]
[Source "ChessBase"]
[SourceQuality "1"]
[WhiteTeam "SK Slavoj Poruba"]
[BlackTeam "Siesta Solution Unichess A"]

{[%evp 9,105,12,25,28,19,27,15,24,33,20,32,21,38,25,28,13,13,15,22,18,29,22,25,24,85,45,150,77,85,82,80,22,22,22,18,21,21,24,10,24,61,61,61,61,66,68,69,62,77,77,89,82,82,83,107,101,104,84,114,114,144,144,144,143,144,143,137,126,144,144,144,144,144,144,144,144,144,144,144,144,130,122,122,122,340,333,122,117,391,385,358,674,990,947,29992,1011,12845,12845]} 1. Nf3 d5 2. e3 Nf6 3. c4 c5 (3... e6 4. b3 c5 5. cxd5 exd5 6. Bb2 Nc6 7. Bb5 Bd6 8. d4 cxd4 9. Nxd4 O-O 10. O-O Qb6 11. Bd3 Be5 12. Qd2 Nxd4 13. exd4 Bd6 14. Nc3 Bd7 15. Rfe1 Rfe8 {0-1 (62) Mamedyarov,S (2801)-Giri,A (2782) chess.com INT 2018}) 4. cxd5 Nxd5 5. Bb5+ Nd7 $146 ({Predecessor:} 5... Bd7 6. Bxd7+ Qxd7 7. Ne5 Qe6 8. Qa4+ Nd7 9. Nxd7 Qxd7 10. Qxd7+ Kxd7 {0-1 (42) Bourgoin,C (1879)-Woelfelschneider,P (1971) IECG email 2004}) 6. O-O {A06: Réti Opening:1 Nf3 d5} e6 7. Nc3 a6 8. Be2 {The position is equal.} N7f6 9. Nxd5 Qxd5 10. b3 b6 11. Bb2 {Threatens to win with Ne5.} Bb7 12. d4 Be7 13. dxc5 Qxd1 14. Rfxd1 Bxc5 15. Rac1 Rc8 16. Ne5 {Black must now prevent b4.} Ke7 (16... O-O $11 {keeps the balance.}) 17. Bf3 Nd5 (17... Bxf3 $14 18. gxf3 (18. Nxf3 Rhd8 $11) 18... Rhe8) 18. Bxd5 ({White should try} 18. Nd3) 18... exd5 $16 19. Nd3 $1 f6 20. b4 (20. Nxc5 $16 bxc5 21. Ba3) 20... Bd6 $11 21. Bd4 Rxc1 22. Rxc1 Rc8 23. Rxc8 Bxc8 24. Bxb6 {[%mdl 4096] Endgame KBB-KBN} Bf5 25. Nc5 Bxc5 26. Bxc5+ $14 {KB-KB} Ke6 27. Kf1 Bb1 28. a3 Be4 29. f3 {[%cal Bf2f3,Bf3f4][%mdl 32]} Bc2 30. Ke2 Ba4 31. Kd3 Ke5 32. f4+ Ke6 33. Kd4 g6 34. Bf8 f5 35. Kc5 Bb5 36. g3 Kf7 37. Bd6 Ke6 38. Be5 Ba4 39. Kb6 Bb5 40. a4 Bxa4 41. Kxa6 Bb3 42. b5 {b6 is the strong threat.} Bc4 43. Bd4 Kd6 44. Kb6 Bd3 45. Be5+ Kd7 46. Kc5 Bc4 $2 {[#]} (46... Be2 $16 47. b6 Ba6) 47. e4 $1 $18 fxe4 48. Bd4 Bd3 $2 {[%mdl 8192]} (48... e3 $16 {was worth a try.}) 49. b6 {[%cal Bb5b6,Bb6b7][%mdl 32]} Bc4 50. g4 Be2 51. f5 {Threatening mate with b7.} e3 52. Bxe3 (52. b7 $142 Kc7 {[#]} 53. b8=Q+ $1 {[%mdl 512]} Kxb8 54. f6 Kc7 55. f7 Bd3 56. f8=Q Bc4 57. Be5+ Kd7 58. Bd6 h5 59. Qe7+ Kc8 60. Qc7#) 52... d4 53. b7 {Precision: White = 70%, Black = 34%.} 1-0

[Event "CZE-tht Extraliga 2018-19"]
[Site "Czech Republic"]
[Date "2018.11.03"]
[Round "1"]
[White "Dragnev, Valentin"]
[Black "Cyborowski, Lukasz"]
[Result "0-1"]
[WhiteElo "2508"]
[BlackElo "2526"]
[Annotator "TA"]
[PlyCount "90"]
[EventDate "2018.11.03"]
[EventType "team-tourn"]
[EventCountry "CZE"]
[SourceTitle "playchess.com"]
[Source "ChessBase"]
[SourceQuality "1"]
[WhiteTeam "SK DURAS BVK Kralovo Pole"]
[BlackTeam "SK ZIKUDA Turnov"]

{[%evp 19,90,18,34,5,31,-37,-37,-40,-22,-34,-36,-23,-49,-34,0,-68,-66,-99,-93,-97,-82,-93,-95,-124,-132,-107,-113,-116,-82,-201,-200,-236,-233,-238,-236,-251,-243,-243,-244,-234,-162,-175,-162,-500,-497,-600,-508,-377,-354,-908,-903,-29980,-29981,-29988,-29989,-29993,-988,-29991,-29981,-29981,-29971,-29982,0,0,0,-29982,-29983,-29983,-29984,-29984,-29985,-29982,-342]} 1. d4 Nf6 2. c4 e6 3. Nc3 d5 4. Nf3 Be7 5. Bf4 O-O 6. a3 Nbd7 7. Nb5 Ne8 8. e3 c6 9. Nc3 Nef6 10. Qc2 Nh5 {LiveBook: 6 Games. D37: Queen's Gambit Declined: 5 Bf4} (10... b6 11. cxd5 exd5 12. Bd3 Bb7 13. O-O c5 14. Rfd1 c4 15. Bf5 g6 16. Bh3 a6 17. b3 b5 18. bxc4 dxc4 19. e4 Re8 20. Ne5 Bf8 {1-0 (39) Mamedyarov,S (2799)-Wang,Y (2690) Riadh 2017}) 11. Bd3 (11. Be5 $5) 11... Nxf4 12. Bxh7+ $146 (12. exf4 $14 dxc4 13. Bxh7+ Kh8 14. h4) ({Predecessor:} 12. exf4 h6 13. O-O dxc4 14. Bxc4 Nb6 15. Ba2 Nd5 16. g3 b6 17. Ne5 Bb7 18. Nxd5 cxd5 {½-½ (38) Cyborowski,L (2524)-Petr,M (2493) Czech Republic 2017}) 12... Kh8 $15 {Black is slightly better.} 13. exf4 g6 14. Bxg6 $1 fxg6 15. Qxg6 Rf6 16. Qh5+ Kg8 17. h4 ({White should try} 17. Qg4+ $11 Kh8 18. Ng5) 17... Qf8 $1 $36 {[%mdl 2048] Black has the initiative.} 18. O-O-O {[%cal Rc4d5]} Rh6 19. Qg4+ Kh8 20. Qg3 dxc4 21. Ne5 Nxe5 22. dxe5 b5 {[%cal Bb7b5,Bb5b4][%mdl 32]} 23. Ne4 b4 24. a4 {[#]} (24. axb4 $17 Rb8 25. Qe3) 24... c3 $1 $19 25. Qf3 (25. bxc3 bxc3) 25... cxb2+ (25... Bxh4 $2 26. g3 $18) 26. Kxb2 c5 ({But not} 26... Bxh4 $2 27. g3 $18) 27. Nxc5 Rb8 28. Nd7 Bxd7 $1 29. Rxd7 Rh7 ({And not} 29... Bxh4 30. g3 $16) 30. Rd3 b3 ({Stronger than} 30... Bxh4 31. g3 $16) 31. g3 $2 (31. Rb1 {is more resistant.}) 31... Ba3+ 32. Kb1 Qc8 {( -> ...Qc2+)} 33. Rc3 Qa6 34. Qe4 $2 (34. Rd1 Qxa4 35. Rcd3) 34... Rd7 35. Qg6 Bf8 36. Qe4 Rb4 37. Qa8 Kg8 (37... Qe2 $142 38. Qxf8+ Kh7 39. Qe7+ Rxe7 40. Rd1 Rxa4 41. Rd2 Qxd2 42. g4 Qxc3 43. h5 Qc2#) 38. Qe8 Qxa4 39. Qxe6+ Rf7 40. Qg6+ Rg7 $2 (40... Kh8 {mates} 41. Qh5+ Rh7 42. Qe2 b2 43. Qd1 Qa1+ 44. Kc2 b1=R 45. Qxb1 Qa4+ 46. Kd3 Qb5+ 47. Ke3 Rxb1 48. Rxb1 Qxb1 49. Kf3 Qh1+ 50. Ke3 Qe1+ 51. Kf3 Qxc3+ 52. Kg2 a5 53. f5 a4 54. Kh1 Qf3+ 55. Kh2 Rb7 56. f6 Rb1 57. Kh3 Rh1#) 41. Qe6+ $11 Rf7 $2 {[%mdl 8192]} (41... Kh7 $11 42. Kc1 Qa1+ 43. Kd2 Rd4+ 44. Rd3 Rxd3+ 45. Kxd3 Qxh1 46. Qf5+ Kg8 47. Qe6+ Rf7 48. Qxb3 Qf3+ 49. Kc2 Qxf2+ 50. Kd1 Kg7) 42. Qg6+ $1 Kh8 {Black mates.} 43. Qh5+ {[#]} Rh7 $1 44. Qe2 b2 45. Qd1 Qa1+ {Precision: White = 25%, Black = 85%.} 0-1

[Event "CZE-tht Extraliga 2018-19"]
[Site "Czech Republic"]
[Date "2018.11.03"]
[Round "1"]
[White "Polak, Tomas"]
[Black "Stocek, Jiri"]
[Result "1/2-1/2"]
[WhiteElo "2503"]
[BlackElo "2567"]
[Annotator "TA"]
[PlyCount "43"]
[EventDate "2018.11.03"]
[EventType "team-tourn"]
[EventCountry "CZE"]
[SourceTitle "playchess.com"]
[Source "ChessBase"]
[SourceQuality "1"]
[WhiteTeam "Moravska Slavia Brno"]
[BlackTeam "GASCO Pardubice"]

{[%evp 13,43,46,45,13,20,12,16,11,20,7,6,0,11,0,0,0,0,7,21,22,13,0,0,0,14,0,15,21,14,0,10,0]} 1. d4 d6 2. Nf3 g6 3. c4 Bg7 4. Nc3 Bg4 5. e3 Nf6 6. Be2 O-O 7. h3 Bf5 {LiveBook: 38 Games. E61: King's Indian: Early deviations for White, including Smyslov System} 8. Bd3 (8. O-O Ne4 9. Nxe4 Bxe4 10. Bd2 e5 11. dxe5 dxe5 12. Bb4 Re8 13. Qb3 a5 14. Rad1 Qf6 15. Ba3 {0-1 (69) Diermair,A (2488)-Guseinov,G (2647) Heraklio 2017}) 8... Bxd3 {The position is equal.} 9. Qxd3 e5 10. O-O Nbd7 11. b3 $146 ({Predecessor:} 11. Rd1 Re8 12. dxe5 dxe5 13. Ne4 Qe7 14. Nxf6+ Nxf6 15. Qb3 c6 16. Bd2 a5 17. Qc2 {½-½ (17) Grinberg,I (2217)-Rukavina,J (2423) Arco 2010}) 11... Re8 {[#] Strongly threatening ...e4.} 12. Qc2 c6 13. dxe5 Nxe5 14. Nxe5 dxe5 15. Bb2 Qa5 16. Rfd1 Rad8 17. Rxd8 Rxd8 18. Rd1 h5 19. Kf1 Bf8 20. Rxd8 Qxd8 21. Ke2 Qa5 22. Ba1 {Precision: White = 26%, Black = 59%.} 1/2-1/2

[Event "CZE-tht Extraliga 2018-19"]
[Site "Czech Republic"]
[Date "2018.11.03"]
[Round "1"]
[White "Simacek, Pavel"]
[Black "Shengelia, David"]
[Result "1/2-1/2"]
[WhiteElo "2502"]
[BlackElo "2512"]
[Annotator "TA"]
[PlyCount "86"]
[EventDate "2018.11.03"]
[EventType "team-tourn"]
[EventCountry "CZE"]
[SourceTitle "playchess.com"]
[Source "ChessBase"]
[SourceQuality "1"]
[WhiteTeam "SK ZIKUDA Turnov"]
[BlackTeam "SK DURAS BVK Kralovo Pole"]

{[%evp 19,86,42,53,31,28,17,25,-7,-16,-35,-42,-78,-10,-22,-6,-27,0,0,18,23,14,7,28,2,29,20,18,18,22,0,14,16,11,15,19,21,21,-18,-11,-53,-45,-414,-416,-722,-722,-722,-713,-715,-697,-654,0,0,0,0,0,0,0,0,0,0,0,0,0,0,0,0,0,0,0]} 1. e4 c6 2. d4 d5 3. Nd2 dxe4 4. Nxe4 Nf6 5. Nxf6+ exf6 6. c3 Bd6 7. Bd3 O-O 8. Ne2 Re8 9. Qc2 {B15: Caro-Kann: 3 Nc3: 3...g6 and 3...dxe4 4 Nxe4 Nf6 5 Nxf6+ exf6} h5 10. O-O (10. Be3 Nd7 11. O-O-O Nf8 12. c4 Be6 13. Nc3 Bb4 14. Ne4 Qa5 15. a3 Be7 16. Rhe1 f5 {½-½ (55) Savchenko,B (2562)-Artemiev,V (2706) Sochi 2018}) 10... h4 {LiveBook: 14 Games} 11. Re1 {White is slightly better.} Nd7 12. c4 $146 ({Predecessor:} 12. Bf4 Nf8 13. Qd2 Be7 14. h3 g5 15. Bh2 f5 16. f3 {1-0 (43) Beerdsen,T (2441)-Svane,R (2579) Maastricht 2018}) 12... Nf8 13. a3 Bg4 14. Bd2 Bc7 15. Be3 Ne6 (15... Qd7 $17) 16. Bh7+ $11 Kf8 17. Bf5 Bxe2 18. Qxe2 {Qh5 is the strong threat.} Qd6 (18... Nxd4 {keeps more tension.} 19. Qh5 Nxf5 20. Rad1 Re5 21. Qh8+ Ke7) 19. g3 $1 g6 (19... Nxd4 $2 20. Qh5 $18) 20. Bxe6 Rxe6 21. Rad1 Kg8 22. d5 cxd5 $1 23. cxd5 Re5 24. Qc4 hxg3 25. hxg3 Rae8 {[%cal Ba8e8,Be8e5,Be5h5][%mdl 32]} 26. Bd2 Bb6 27. Kg2 Qd7 28. Rxe5 Rxe5 29. Bf4 Rh5 {aiming for ...Qh3+.} 30. d6 $2 {[%mdl 8192]} (30. Kf3 $15) 30... g5 $19 31. Be3 (31. Rh1 $142 Rxh1 32. Kxh1) 31... Bxe3 32. fxe3 {[%mdl 4096] Endgame [#] KQR-KQR} Qh3+ $1 33. Kf3 Qf5+ 34. Kg2 {[#]} Qh3+ $2 (34... Qh7 $1 $19 {( -> ...Rh2+)} 35. Kf3 (35. Qc8+ $2 Kg7 $19) 35... Rh2) 35. Kf3 $1 $11 {The position is equal.} ({Don't blunder} 35. Kf2 $2 Qf5+ 36. Kg2 Qh7 $19) 35... Rh4 {[#]} 36. Qxh4 $1 {[%mdl 512]} gxh4 {KQ-KR} 37. d7 Qf5+ 38. Ke2 Qg4+ 39. Ke1 Qxg3+ 40. Ke2 Qg4+ 41. Ke1 Qg3+ 42. Ke2 Qh2+ 43. Ke1 Qg3+ {Precision: White = 52%, Black = 69%.} 1/2-1/2

[Event "CZE-tht Extraliga 2018-19"]
[Site "Czech Republic"]
[Date "2018.11.03"]
[Round "1"]
[White "Ponizil, Cyril"]
[Black "Vykouk, Jan"]
[Result "1/2-1/2"]
[WhiteElo "2494"]
[BlackElo "2418"]
[Annotator "TA"]
[PlyCount "131"]
[EventDate "2018.11.03"]
[EventType "team-tourn"]
[EventCountry "CZE"]
[SourceTitle "playchess.com"]
[Source "ChessBase"]
[SourceQuality "1"]
[WhiteTeam "SK DURAS BVK Kralovo Pole"]
[BlackTeam "SK ZIKUDA Turnov"]

{[%evp 15,131,15,30,14,22,8,8,0,6,-8,-8,0,0,-8,-13,-20,27,8,0,-26,-12,-9,-21,-19,0,-65,-58,-70,0,-5,-8,0,4,-20,0,0,0,0,0,0,0,0,0,-4,0,0,2,0,3,15,10,10,6,9,14,10,24,10,31,25,73,68,113,106,121,121,121,106,114,116,146,145,147,147,152,129,125,125,126,121,138,121,122,123,148,86,138,143,147,144,143,110,124,120,137,141,155,146,240,222,231,76,75,9,18,1,3,0,0,0,0,0,0,0,0,0,0,0]} 1. e4 c5 2. Nf3 Nc6 3. Bb5 g6 4. O-O Bg7 5. Re1 Nf6 6. h3 O-O 7. c3 Qb6 8. Ba4 d6 {LiveBook: 10 Games. B31: Sicilian: 2...Nc6 3 Bb5 g6} (8... Rd8 9. Bb3 d5 10. e5 Ne4 11. d3 c4 12. Be3 Qc7 13. Bd4 cxb3 14. axb3 f6 15. dxe4 dxe4 16. Nfd2 {0-1 (26) De la Riva Aguado,O (2523)-Giri,A (2745) Tromsoe 2014}) 9. d3 a6 10. Nbd2 Qc7 11. Nf1 b5 12. Bb3 Bb7 13. Ng3 $146 ({Predecessor:} 13. Bg5 h6 14. Bh4 a5 15. a4 {0-1 (44) Sattler,S (2014)-Erlbeck,P (2080) Bayern 2003}) 13... Rac8 14. Bg5 Rfd8 15. Qd2 Na5 16. Bc2 d5 17. Bf4 Qb6 $1 18. Qe2 dxe4 19. dxe4 b4 20. e5 (20. Rad1 $11) 20... Nd5 $15 21. Bd2 b3 (21... Qb5 $15) 22. Be4 $11 bxa2 23. Rxa2 Nb3 24. Bg5 (24. Be3 $5) 24... h6 25. Be3 Nxe3 26. Qxe3 {Strongly threatening e6!} Bxe4 $1 27. Nxe4 Qe6 28. Ra3 c4 29. Ng3 Nc5 30. Nd4 Qd5 31. Ra5 e6 32. Ne4 $36 {[%mdl 2048] Black is under pressure.} Qxe4 33. Qxe4 Nxe4 34. Rxe4 Rb8 35. Re2 Rb6 36. Kf1 Rdb8 37. Ra2 Bf8 38. Ke1 Bc5 39. Nf3 $1 Rb5 {[#]} 40. Kd1 $1 a5 41. Kc2 Bb6 42. Nd2 Rc8 43. Ra4 Rbc5 44. f4 Kg7 45. Re4 g5 46. fxg5 hxg5 47. Raxc4 Kg6 48. Rxc5 Rxc5 $16 {[%mdl 4096] Endgame KRB-KRN} 49. Nf3 Bc7 50. g4 ({White should play} 50. Kb3) 50... f6 (50... Rb5 $142) 51. exf6 Kxf6 52. b3 Bg3 53. Kd3 Rc8 54. Ra4 Bc7 {[#]} 55. Rc4 $1 Rd8+ 56. Ke4 Bg3 (56... Bb6 $16 57. Rc6 Rb8) 57. Rc5 $18 Rb8 58. Kd3 $2 ({Don't do} 58. Rxa5 $6 Rxb3 59. Rxg5 Rxc3 $16) (58. Nxg5 $18 {is more deadly. Hoping for Kd3.} Bf2 59. Rxa5) 58... Bf4 $16 59. Kc4 (59. Rxa5 $16 {Threatens to win with Ke4.} Rxb3 60. h4) 59... Rh8 $11 {The position is equal.} 60. Nd4 Rxh3 61. Rc6 Bd2 62. Rxe6+ Kf7 63. Re4 {Black must now prevent Ne2.} Rxc3+ 64. Kd5 Bf4 65. Re2 Rg3 66. Ra2 {Precision: White = 65%, Black = 58%.} 1/2-1/2

[Event "CZE-tht Extraliga 2018-19"]
[Site "Czech Republic"]
[Date "2018.11.03"]
[Round "1"]
[White "Kriebel, Tadeas"]
[Black "Kanok, Jaroslav"]
[Result "*"]
[WhiteElo "2491"]
[BlackElo "2146"]
[Annotator "TA"]
[PlyCount "90"]
[EventDate "2018.11.03"]
[EventType "team-tourn"]
[EventCountry "CZE"]
[SourceTitle "playchess.com"]
[Source "ChessBase"]
[SourceQuality "1"]
[WhiteTeam "1. Novoborsky SK"]
[BlackTeam "Labortech Ostrava"]

{[%evp 21,90,26,20,0,38,41,48,15,22,10,13,14,13,0,52,9,51,43,48,46,60,58,63,61,56,50,51,40,50,22,30,23,28,25,33,12,37,35,40,46,40,38,54,27,30,22,22,-10,15,12,112,21,72,66,65,70,145,30,44,-66,-75,-103,-156,-430,-442,-482,-432,-365,-48,-47,5]} 1. e4 {[%cal Be2e4,Be4e5][%mdl 32]} e6 2. d4 d5 3. Nc3 Nf6 4. e5 Nfd7 5. f4 c5 6. Nf3 Nc6 7. Be3 a6 8. Qd2 cxd4 9. Nxd4 Nxd4 10. Bxd4 Qc7 {C11: French: Classical System: 4 e5 and 4 Bg5 dxe4} 11. Be2 Bc5 {LiveBook: 4 Games} 12. O-O-O b6 $146 {The position is equal.} ({Predecessor:} 12... O-O 13. Bxc5 Qxc5 14. Bd3 b5 15. Rhe1 b4 16. Na4 {½-½ (56) Almasi,Z (2689)-Zvjaginsev,V (2660) Berlin 2015}) 13. Rhe1 Bb7 14. f5 O-O-O 15. fxe6 fxe6 16. Bg4 Rde8 17. Qe3 Re7 (17... h5 $11 18. Bh3 Bxd4 19. Rxd4 Kb8) 18. h4 Kb8 19. Ne2 Rhe8 20. Kb1 Ka7 21. c3 a5 22. Nf4 Ba6 23. g3 Qc6 24. Ka1 a4 25. Rc1 Bc4 26. Bd1 Kb7 27. Bc2 g6 {[%cal Bg7g6,Bg6g5][%mdl 32]} 28. h5 g5 29. Nh3 h6 30. Nf2 Rh8 31. Ng4 Rf7 32. Bg6 Rff8 33. Bd3 Qb5 34. Bc2 Rf7 (34... a3 $6 35. b3 $16) 35. Qd2 Nb8 (35... a3 36. b3 $16) (35... Rf3 $11) 36. Qd1 (36. Bxc5 $16 bxc5 37. Qd1) 36... Nc6 (36... Bxd4 $11 {remains equal.} 37. Bxa4 (37. cxd4 a3 $16) 37... Qa6 38. cxd4 Bxa2) 37. Bxa4 $16 Qa6 $1 38. b3 Bd3 {[#]} ({Black should play} 38... Nxd4 $14 39. cxd4 Ba3) 39. Bxc5 (39. Bxc6+ $1 $16 Kxc6 40. a4) 39... bxc5 $11 40. c4 (40. Re3 $14 c4 41. Qd2) 40... dxc4 $15 41. Bxc6+ Kxc6 42. Rxc4 $2 (42. bxc4 $17 {might work better.} Rd7 43. Qd2) 42... Bxc4 $19 43. Qd6+ Kb7 44. bxc4 {[#]} Qxd6 $2 ({And not} 44... Qxc4 45. Rb1+ Ka8 46. Qc6+ Ka7 47. Qb6+ Ka8 48. Qc6+ Ka7 49. Qb6+ Ka8 50. Qc6+ $11) (44... Qa5 $1 $19 {[%cal Ra5e1]} 45. Rb1+ Ka7) 45. exd6 $15 Rf3 {Precision: White = 40%, Black = 30%.} (45... Rhf8 $15 46. Rxe6 (46. Nxh6 Rf1 $17) 46... Rf1+ 47. Kb2 Rg1) *